000 00245nam a22001217a 4500
008 170323b xxu||||| |||| 00| 0 eng d
041 _aeng
080 _a616.9
100 _a8
101 _ashm
245 _aVIROLOGY
_cHAHON, N
942 _2udc
_cBK
999 _c8513
_d8513